Paroles Mwaka moon - Kalash ft. Damso - Statistiques

Statistiques générales
  • Ce quiz a été pris 1 885 fois
  • Le résultat moyen est 212 sur 427
Statistiques - réponses
Hint Réponse % Correct
à
98%
a
98%
d'
98%
m'
98%
la
95%
La
95%
95%
dans
94%
Dans
94%
Refrain : Un
94%
un
94%
de
92%
le
92%
bouche
90%
pas
89%
Pas
89%
to
89%
me
87%
peu
87%
succès
87%
je
86%
Je
86%
mwaka
86%
Mwaka
86%
qui
86%
Qui
86%
moon
85%
Moon
85%
Une
85%
une
85%
oxygène
84%
Amsterdam
82%
ces
82%
I
81%
même
81%
sucer
80%
des
79%
en
79%
En
79%
tromper
79%
y
79%
bouffée
78%
c'est
78%
fait
77%
ne
77%
bitch
76%
Faire
76%
les
76%
Les
76%
peine
76%
tout
76%
Tout
76%
ailes
75%
respire
75%
Au
74%
au
74%
donné
74%
billets
72%
mouche
72%
S'faire
72%
vide
72%
70%
Trop
69%
l'appareil
68%
photo
68%
dos
67%
bientôt
66%
est
66%
riche
65%
négro
64%
negro
64%
verts
64%
violets
64%
dit
63%
jaunes
63%
quand
63%
que
63%
Que
63%
aura
62%
Mon
62%
ouais
62%
s'tromper
61%
tournait
60%
comme
58%
Terre
58%
Kalash : Allô
56%
ma
56%
m'a
56%
balancé
55%
ici
55%
J'ai
55%
nié
55%
son
55%
tu
55%
d'eau
54%
ont
54%
arriverai
53%
écrit
53%
Jamais
53%
jamais
53%
n'pas
52%
baisse
51%
m'ont
51%
bras
50%
don't
50%
know
49%
mêmes
49%
qu'ils
49%
sent
49%
sur
49%
Sur
49%
vie
49%
j'y
48%
vraiment
48%
toute
47%
façons
46%
rien
46%
bitume
45%
kush
45%
J'fais
43%
j'fais
43%
Avant
42%
Dieu
42%
j'élimine
42%
J'illumine
42%
ça
41%
Damso : Dems
41%
sont-ils
41%
Welcome
41%
franc-maçon
39%
toi
39%
et
37%
Et
37%
Lambo'
36%
du
35%
35%
fais
35%
Chelou
34%
Ils
34%
tourner
34%
s'enterre
33%
ah
32%
ennemis
32%
pattes
32%
quatre
32%
show
32%
wifi
31%
bruit
29%
rue
29%
studio
29%
tue
29%
laisse
28%
pour
28%
réseau
28%
salope
28%
Si
28%
sale
27%
j'te
26%
ville
26%
plus
25%
zoo
25%
beau
24%
Grosse
24%
J'prends
24%
j'suis
24%
J'suis
24%
champs
23%
offensive
23%
bagarres
22%
d'paroles
22%
fus
22%
got
22%
I'm
22%
Inoffensif
22%
par
22%
Ding
21%
n'fais
21%
Dong
20%
gencive
20%
j'accumule
20%
imminent
19%
naviguer
19%
toujours
19%
embrouilles
18%
KLH
18%
j'connais
17%
j'urine
17%
louche
17%
pourtant
17%
hoes
15%
J'sais
14%
nos
14%
ceci
13%
prendre
13%
tuent
12%
âme
11%
Elle
11%
mes
11%
terres
11%
V'la
11%
lips
10%
m'y
9%
patates
9%
bite
8%
mais
8%
tombe
8%
attendant
7%
là-bas
7%
Pyro
7%
rates-pi
7%
RIP
7%
Saddam
7%
tant
7%
autre
6%
dur
6%
King
6%
Manhattan
6%
monde
6%
sous
6%
viens
6%
au-dessus
5%
Kong
5%
tombent
5%
tracas
5%
Voilà
5%
vrac
5%
AK
4%
beat
4%
brûle
4%
car
4%
déjà
4%
d'un
4%
fracas
4%
G.Bush
4%
Mississippi
4%
pleine
4%
plombe
4%
Pyroman
4%
sait
4%
vieux
4%
Allongé
3%
cela
3%
jus
3%
personne
3%
t'étonne
3%
celle
2%
j'aimais
2%
J'marchais
2%
J'observe
2%
perdre
2%
puis
2%
veux
2%
cas
1%
d'amour
1%
Dent
1%
encore
1%
femmes
1%
gagner
1%
galipettes
1%
J'pars
1%
mères
1%
naître
1%
out
1%
rage
1%
appris
0%
bête
0%
biscuit
0%
d'argent
0%
dînette
0%
dises
0%
d'oublier
0%
fucking
0%
histoire
0%
j'aurais
0%
J'bois
0%
J'dis
0%
j'évacue
0%
J'nique
0%
l'effet
0%
maman
0%
médises
0%
mer-té
0%
mots
0%
prod
0%
rôti
0%
torts
0%
visages
0%
Aucun quiz correspondant
Distribution des résultats
% des personnes avec chaque résultat
Percentile par nombre de réponses
Votre historique - résultats
Vous n’avez pas pris ce quiz